[Event "IM"]
[Site "Deizisau GER"]
[Date "2003.04.15"]
[Round "6"]
[White "Papa,S"]
[Black "Drabke,L"]
[Result "1/2-1/2"]
[WhiteElo "2366"]
[BlackElo "2441"]

1.e4 c5 2.Nf3 e6 3.Nc3 a6 4.d4 cxd4 5.Nxd4 b5 6.Bd3 Qb6 7.Nb3 Qc7 8.O-O Nf6
9.Qe2 Bb7 10.f4 b4 11.Nd1 Nc6 12.e5 Nd5 13.Ne3 Nxe3 14.Bxe3 Be7 15.Qf2 O-O
16.Nc5 d6 17.exd6 Bxd6 18.Qh4 g6 19.Ne4 f5 20.Ng5 Rae8 21.Bc4 Bc8 22.Rad1 Re7
23.Qf2 h6 24.Bb6 Qb8 25.Rxd6 Qxd6 26.Bc5 Qc7 27.Bxe7 Qxe7 28.Nf3 Rd8  1/2-1/2

[Event "IM"]
[Site "Deizisau GER"]
[Date "2003.04.16"]
[Round "7"]
[White "Zaragatski,I"]
[Black "Braun,A"]
[Result "1-0"]
[WhiteElo "2336"]
[BlackElo "2324"]

1.e4 c5 2.Nf3 e6 3.d4 cxd4 4.Nxd4 a6 5.Nc3 Qc7 6.Bd3 g6 7.O-O Bg7 8.Be3 Ne7
9.f4 O-O 10.f5 Nec6 11.f6 Bh8 12.Qg4 Nxd4 13.Bxd4 Nc6 14.Be3 Qe5 15.Qh4 Re8
16.Rf3 Nd4 17.Rh3 Bxf6 18.Qxh7+ Kf8 19.Rf1 Ke7 20.Bf4 Qc5 21.e5 Nf5+ 22.Kh1 Bxe5
23.Ne4 Qd5 24.c3  1-0

[Event "34th Norwegian Open"]
[Site "Oslo NOR"]
[Date "2003.04.16"]
[Round "5"]
[White "Senff,M"]
[Black "Miezis,N"]
[Result "0-1"]
[WhiteElo "2454"]
[BlackElo "2516"]

1.e4 c5 2.Nf3 e6 3.d4 cxd4 4.Nxd4 a6 5.Nc3 Qc7 6.Bd3 Nc6 7.Be3 Nf6 8.O-O Bd6
9.f4 Nxd4 10.e5 Bxe5 11.fxe5 Qxe5 12.Qd2 Nc6 13.Rae1 b5 14.Kh1 Bb7 15.Bb6 Qd6
16.Rxf6 gxf6 17.Ne4 Qe5 18.Qh6 Ke7 19.Bc7 Qxc7 20.Qxf6+ Ke8 21.Qxh8+ Ke7
22.Qf6+ Ke8 23.Qh8+ Ke7 24.Qf6+ Ke8 25.Ng5 Nd8 26.Rf1 d6 27.Bxh7 Qe7 28.Qh6 Kd7
29.Be4 Bxe4 30.Nxe4 f5 31.Nd2 Nc6 32.Qe3 Qg7 33.c3 Rg8 34.g3 Qe5 35.Re1 Qd5+
36.Nf3 Rg4 37.Kg1 Re4 38.Qf2 Ke7 39.h4 Rxe1+ 40.Nxe1 Ne5 41.a3 Qe4 42.Kf1 Kf7
43.Qa7+ Kf6 44.Qd4 Qxd4 45.cxd4 Nc4 46.Nd3 a5 47.Ke2 e5 48.dxe5+ dxe5 49.b3 Nxa3
50.Nc5 Nc2 51.Kd3 Nb4+ 52.Kc3 Nc6 53.Kd3 Kg6 54.Ke3 Kh5 55.Kf3 Nd4+ 56.Ke3 Kg4
57.Nd7 Nc6 58.Kf2 f4 59.gxf4 exf4 60.Nf6+ Kf5  0-1

[Event "IM"]
[Site "Evry FRA"]
[Date "2003.04.17"]
[Round "8"]
[White "Barletta,D"]
[Black "Sanchez,Lo"]
[Result "1/2-1/2"]
[WhiteElo "2214"]
[BlackElo "2238"]

1.e4 c5 2.Nf3 e6 3.d4 cxd4 4.Nxd4 a6 5.Nc3 b5 6.Bd3 d6 7.O-O Nf6 8.Qe2 Be7
9.Bd2 Bb7 10.a4 b4 11.Na2 a5 12.c3 bxc3 13.Nxc3 O-O 14.Rab1 Na6 15.Bxa6 Rxa6
16.f3 Nd7 17.b4 axb4 18.Rxb4 Rb6 19.Rfb1 Rxb4 20.Rxb4 Qc8 21.Qb5 Nc5 22.Qb6 Ba8
23.Ncb5 d5 24.Na7 Qd7 25.Nac6 dxe4 26.Nxe7+ Qxe7 27.Rc4 Nd7 28.Qb4 Qh4 29.fxe4 Ne5
30.Nf3 Nxf3+ 31.gxf3 Qh5 32.Qc3 Bb7 33.Rc5 f5 34.exf5 Bxf3 35.Qe5 Bd5 36.Rc7 Qg4+
37.Qg3 Qxg3+ 38.hxg3 Rxf5 39.Bc3 Rg5 40.Kf2 Rf5+ 41.Ke2 Rg5 42.Kf2 e5 43.Rc5 e4
44.Rc8+ Kf7 45.Rc7+ Kf8 46.Rc8+ Ke7 47.Rc7+ Kd6 48.Rxg7 Rf5+ 49.Ke2 Bc4+
50.Ke3 Rf3+ 51.Kd4 Bd3 52.Rxh7  1/2-1/2

[Event "XXXIV Open"]
[Site "Mar del Plata ARG"]
[Date "2003.04.18"]
[Round "8"]
[White "Lujan,C"]
[Black "Morinongeli,M"]
[Result "1-0"]
[WhiteElo "2263"]
[BlackElo "2143"]

1.e4 c5 2.Nf3 e6 3.d4 cxd4 4.Nxd4 a6 5.Nc3 Qc7 6.Be2 Nc6 7.O-O Nf6 8.Kh1 Nxd4
9.Qxd4 Bc5 10.Qd3 b5 11.f4 Bb7 12.Bf3 h5 13.e5 Ng4 14.Bxb7 Qxb7 15.Ne4 Be7
16.Qf3 Rb8 17.Bd2 O-O 18.Rae1 Rfc8 19.f5 Bf8 20.h3 Nxe5 21.Qxh5 f6 22.fxe6 dxe6
23.Rxf6  1-0

[Event "XXI Open"]
[Site "Metz FRA"]
[Date "2003.04.19"]
[Round "1"]
[White "Kohlweyer,B"]
[Black "Gilbert,C"]
[Result "1-0"]
[WhiteElo "2454"]
[BlackElo "2106"]

1.e4 c5 2.Nf3 e6 3.d4 cxd4 4.Nxd4 a6 5.Nc3 Qc7 6.g4 b5 7.Bg2 Bb7 8.O-O Ne7
9.Ndxb5 axb5 10.Nxb5 Qc6 11.Nd6+ Kd8 12.Nxf7+ Kc8 13.Nxh8 g6 14.Nf7 Bg7 15.Bg5  1-0

[Event "Commonwealth Ch"]
[Site "Mumbai IND"]
[Date "2003.04.20"]
[Round "1"]
[White "Shashikant,K"]
[Black "Nguyen Anh Dung"]
[Result "0-1"]
[WhiteElo "2239"]
[BlackElo "2530"]

1.e4 c5 2.Nf3 e6 3.d4 cxd4 4.Nxd4 a6 5.Nc3 Qc7 6.Bd3 Nf6 7.O-O Be7 8.Be3 O-O
9.f4 d6 10.g4 Nc6 11.g5 Nd7 12.Qh5 g6 13.Qh3 Re8 14.f5 Nde5 15.Nde2 b5 16.a3 b4
17.axb4 Nxb4 18.fxg6 fxg6 19.Rf2 Bd7 20.Raf1 Rf8 21.Rxf8+ Rxf8 22.Rxf8+ Bxf8
23.Bc1 a5 24.Qg3 a4 25.Kg2 Qb7 26.h4 Bg7 27.h5 gxh5 28.Nf4 h4 29.Qxh4 Nbxd3
30.cxd3 Ng6 31.Nxg6 hxg6 32.Qe1 Qb4 33.Qe2 a3 34.Qc2 Qa5 35.Qb3 axb2 36.Bxb2 Qxg5+
37.Kf3 Qh5+ 38.Kf2 Kh7 39.Qb7 Qh2+ 40.Ke1 Bc6 41.Qb4 Qc2 42.Nd1 Ba4 43.Nc3 Bc6
44.Nd1 Qxd3 45.Bxg7 Kxg7 46.Nf2 Qe3+ 47.Kf1 Qc1+ 48.Ke2 Qc5 49.Qb2+ e5 50.Kf3 Qc4
51.Qd2 Qf7+ 52.Kg3 Qb3+ 53.Kg2 Qe6 54.Kg3 Bd7 55.Qg5 Qf6 56.Qc1 Kf7 57.Qc7 Ke7
58.Qb8 Qf4+ 59.Kg2 g5 60.Qh8 Be6 61.Qh7+ Bf7 62.Qh3 Bg6 63.Qd3 g4 64.Qc4  0-1

[Event "7th Neckar Open"]
[Site "Deizisau GER"]
[Date "2003.04.21"]
[Round "9"]
[White "Balinov,I"]
[Black "Epishin,V"]
[Result "0-1"]
[WhiteElo "2446"]
[BlackElo "2628"]

1.e4 c5 2.Nf3 e6 3.d4 cxd4 4.Nxd4 a6 5.Nc3 b5 6.Bd3 Qb6 7.Be3 Bc5 8.Nce2 Nf6
9.c3 Qc7 10.b4 Be7 11.f3 Nc6 12.Nxc6 dxc6 13.a4 Bb7 14.Nc1 Bd6 15.g3 h5 16.Qe2 h4
17.g4 Nd7 18.Nb3 O-O 19.Qf2 Ne5 20.Be2 f5 21.gxf5 exf5 22.Nc5 fxe4 23.O-O-O exf3
24.Bd3 Bc8 25.Rhg1 Nxd3+ 26.Nxd3 Bxh2 27.Qxh4 Bxg1 28.Rxg1 Bf5 29.Bd4 Bxd3
30.Rxg7+ Qxg7 31.Bxg7 f2  0-1

[Event "Commonwealth Ch"]
[Site "Mumbai IND"]
[Date "2003.04.21"]
[Round "3"]
[White "Deepan,C"]
[Black "Nguyen Anh Dung"]
[Result "0-1"]
[WhiteElo "2379"]
[BlackElo "2530"]

1.e4 c5 2.Nf3 e6 3.d4 cxd4 4.Nxd4 a6 5.Nc3 Qc7 6.Be2 b5 7.a3 Bb7 8.O-O Nf6
9.Bf3 d6 10.g3 Nbd7 11.Bg2 Be7 12.Be3 O-O 13.Qe2 Ne5 14.Rad1 Nc4 15.Bc1 Nxa3
16.g4 Nc4 17.g5 Nd7 18.Qh5 Rfe8 19.Rd3 g6 20.Qh4 b4 21.Nd1 d5 22.b3 Nce5
23.Rh3 h5 24.exd5 Bxd5 25.Bxd5 exd5 26.Ne3 Qb7 27.Bb2 Bf8 28.f4 Nc6 29.f5 Bc5
30.fxg6 fxg6 31.Ndf5 Nde5 32.Kg2 Ra7 33.Nxd5 Nd4 34.Qe4 Nxf5 35.Nf6+ Kf8
36.Qxb7 Rxb7 37.Rxf5 gxf5 38.Nxe8 Ng6 39.Nf6 Nf4+ 40.Kg3 Nxh3 41.Kxh3 Kf7
42.Nxh5 Be3 43.Ng3 Kg6  0-1

[Event "Commonwealth Ch"]
[Site "Mumbai IND"]
[Date "2003.04.21"]
[Round "3"]
[White "Visweswaran,K"]
[Black "Ghaem Maghami,E"]
[Result "0-1"]
[WhiteElo "2328"]
[BlackElo "2528"]

1.e4 c5 2.Nf3 e6 3.d4 cxd4 4.Nxd4 a6 5.Nc3 Qc7 6.Be3 Nf6 7.f3 b5 8.Qd2 b4
9.Nce2 d5 10.e5 Nfd7 11.f4 Nc5 12.Ng3 Nbd7 13.Be2 Na4 14.Rb1 g6 15.O-O Ndb6
16.Bd3 Be7 17.b3 Nc3 18.Ra1 Nd7 19.Nde2 a5 20.Nxc3 bxc3 21.Qe1 Bc5 22.Kh1 Bxe3
23.Qxe3 O-O 24.Ne2 a4 25.Bb5 Qc5 26.Qxc5 Nxc5 27.Nxc3 Ba6 28.Bxa6 Rxa6 29.b4 Nd7
30.Ne2 Rc6 31.c3 Rc4 32.Rad1 Rfc8 33.Rd3 Nb6 34.Rff3 Re4 35.Rfe3 Rxe3 36.Rxe3 d4
37.Nxd4 Nd5 38.Re1 Rxc3 39.g3 Nxb4 40.Re2 Rc1+ 41.Kg2 Ra1 42.Kh3 Rxa2 43.Re1 Rd2
44.Nb5 Nc2 45.Re4 a3 46.Ra4 Ne3 47.Rxa3 Nf1  0-1

[Event "Commonwealth Ch"]
[Site "Mumbai IND"]
[Date "2003.04.22"]
[Round "4"]
[White "Prathamesh,S"]
[Black "Koneru,H"]
[Result "1-0"]
[WhiteElo "2341"]
[BlackElo "2496"]

1.e4 c5 2.Nc3 e6 3.Nge2 a6 4.d4 cxd4 5.Nxd4 Qc7 6.Be2 b5 7.O-O Bb7 8.Re1 Nc6
9.Nxc6 dxc6 10.e5 Rd8 11.Bd3 Ne7 12.Bg5 h6 13.Qh5 Rd7 14.Qh3 Nd5 15.Ne4 Nb4
16.a3 Nxd3 17.cxd3 c5 18.Rac1 Qb6 19.Bh4 Rd4 20.f4 Bxe4 21.dxe4 Rd2 22.Rcd1 c4+
23.Kh1 Qd4 24.Qf3 Be7 25.Rxd2 Qxd2 26.Rd1 Qc2 27.Bxe7 Kxe7 28.f5 Rd8 29.Rf1 exf5
30.Qxf5 Rd1 31.Qxf7+ Kd8 32.e6 Rxf1+ 33.Qxf1 Qxe4 34.Qf8+ Kc7 35.Qe7+ Kc6
36.Qd7+ Kc5 37.Qc7+ Kd4 38.Qd6+ Ke3 39.h3 Kf2 40.Qf8+ Ke1 41.e7  1-0

[Event "Commonwealth Ch"]
[Site "Mumbai IND"]
[Date "2003.04.22"]
[Round "4"]
[White "Sharma,D"]
[Black "Sachdev,T"]
[Result "1-0"]
[WhiteElo "2384"]
[BlackElo "2245"]

1.e4 c5 2.Nf3 e6 3.d4 cxd4 4.Nxd4 a6 5.Nc3 Qc7 6.Be2 b5 7.O-O Bb7 8.Re1 d6
9.Bf3 Nd7 10.a4 bxa4 11.Rxa4 Ngf6 12.g3 Be7 13.Bg2 O-O 14.Ra2 Rfe8 15.Nb3 Rad8
16.Na5 Ba8 17.Qe2 Nc5 18.Bf4 Qc8 19.e5 dxe5 20.Bxa8 Qxa8 21.Bxe5 Nfd7 22.Bf4 Bf6
23.Nb1 g5 24.Bd6 Qd5 25.Nc4 Nb6 26.Nxb6 Qxd6 27.Nc4 Qc6 28.Nbd2 Re7 29.Nf3 Rc7
30.Nce5 Bxe5 31.Nxe5 Qd5 32.Raa1 Nd7 33.Rad1 Qc5 34.Nxf7 Kxf7 35.Qxe6+ Kg7
36.Rd5 Qf8 37.Rxg5+ Kh8 38.Rf5 Qg8 39.Qd6 Rxc2 40.Re7 Qc4 41.Rxh7+ Kxh7 42.Qe7+ Kh6
43.h4 Rc1+ 44.Kh2 Qc6 45.Rh5+  1-0

[Event "Commonwealth Ch"]
[Site "Mumbai IND"]
[Date "2003.04.23"]
[Round "5"]
[White "Neelotpal,D"]
[Black "Zhang Pengxiang"]
[Result "0-1"]
[WhiteElo "2468"]
[BlackElo "2557"]

1.e4 c5 2.Nf3 e6 3.d4 cxd4 4.Nxd4 a6 5.Nc3 b5 6.Bd3 d6 7.O-O Nf6 8.Qf3 Bb7
9.Re1 Be7 10.Qg3 O-O 11.Bh6 Ne8 12.Nf3 Nd7 13.Rad1 b4 14.Na4 Bc6 15.b3 Bxa4
16.bxa4 Nc5 17.e5 d5 18.Bg5 Nxd3 19.Rxd3 Rc8 20.Rd4 Bxg5 21.Nxg5 h6 22.Nh3 Rc3
23.Qg4 a5 24.Qh5 Rxc2 25.Rg4 Rc4 26.Nf4 Kh7 27.h3 g5  0-1

[Event "XXI Open"]
[Site "Metz FRA"]
[Date "2003.04.25"]
[Round "7"]
[White "Baklan,V"]
[Black "Eingorn,V"]
[Result "1/2-1/2"]
[WhiteElo "2607"]
[BlackElo "2604"]

1.e4 c5 2.Nf3 e6 3.d4 cxd4 4.Nxd4 a6 5.Nc3 Qc7 6.Bd3 Nf6 7.O-O Nc6 8.Be3 b5
9.Nb3 Ne5 10.f4 Nc4 11.Bd4 Bb7 12.Qe2 Nxb2 13.Nxb5 axb5 14.Bxb2 Be7 15.Bd4 O-O
16.e5  1/2-1/2

[Event "Commonwealth Ch"]
[Site "Mumbai IND"]
[Date "2003.04.25"]
[Round "8"]
[White "Visweswaran,K"]
[Black "Sriram,J"]
[Result "0-1"]
[WhiteElo "2328"]
[BlackElo "2451"]

1.e4 c5 2.Nf3 e6 3.d4 cxd4 4.Nxd4 a6 5.Nc3 b5 6.Bd3 Qb6 7.Nb3 Qc7 8.O-O d6
9.f4 Nd7 10.Be3 Ngf6 11.a3 Be7 12.Qf3 Bb7 13.Qg3 O-O 14.Rae1 e5 15.Qh3 Rfe8
16.Kh1 Rac8 17.Bd2 Bf8 18.fxe5 dxe5 19.Bg5 b4 20.axb4 Bxb4 21.Bd2 Nf8 22.Bg5 Bxc3
23.bxc3 N6d7 24.c4 a5 25.Ra1 Ra8 26.Qf3 f6 27.Be3 a4 28.Nd2 Nc5 29.Rfb1 Nfe6
30.Ra3 Reb8 31.Rba1 Bc6 32.Nb1 Nd4 33.Bxd4 exd4 34.Nd2 Qe5 35.Qe2 Re8 36.h3 f5
37.Nf3 Qf4 38.Nxd4 fxe4 39.Nxc6 exd3 40.Qh5 d2 41.Ne7+ Rxe7 42.Qd5+ Qf7 43.Qxa8+ Re8
44.Qa5 Ne4  0-1

[Event "Commonwealth Ch"]
[Site "Mumbai IND"]
[Date "2003.04.25"]
[Round "8"]
[White "Kamble,V"]
[Black "Prathamesh,S"]
[Result "1/2-1/2"]
[WhiteElo "2301"]
[BlackElo "2341"]

1.e4 c5 2.Nf3 e6 3.d4 cxd4 4.Nxd4 a6 5.Nc3 Qc7 6.Be3 Nf6 7.Be2 d6 8.a4 b6
9.f4 Bb7 10.Bf3 Nbd7 11.Qe2 Be7 12.O-O O-O 13.Bf2 Rfe8  1/2-1/2

[Event "XXI Open"]
[Site "Metz FRA"]
[Date "2003.04.26"]
[Round "8"]
[White "Sprenger,J"]
[Black "Agrest,E"]
[Result "1/2-1/2"]
[WhiteElo "2431"]
[BlackElo "2591"]

1.e4 c5 2.Nf3 e6 3.d4 cxd4 4.Nxd4 a6 5.Nc3 Qc7 6.Bd3 Nf6 7.O-O Bc5 8.Be3 b5
9.Ndxb5 axb5 10.Nxb5 Qe5 11.Bxc5 Qxc5 12.b4 Qxb4 13.Nc7+ Kd8 14.Nxa8 Qa5
15.e5 Nd5 16.Be4 Nc6 17.Bxd5 exd5 18.Rb1 Qxa8 19.Qxd5 Ke8 20.f4 h5 21.f5 Qa4
22.f6 Qd4+ 23.Qxd4 Nxd4 24.Rb8 Kd8 25.fxg7 Rg8 26.Rxf7 Ne6 27.Rb3 Ke8 28.Rf5 Rxg7
29.Rxh5 Ke7 30.Rg3 Rxg3 31.hxg3 Nd4 32.c4 Nc6 33.Kf2 Ba6 34.c5 Bc4 35.a3 Bd5
36.Ke3 Bxg2 37.Kf4 Nd4 38.Rh7+ Kd8 39.Kg5 Be4 40.Rh8+ Ke7 41.a4 Ne6+ 42.Kh6 Nxc5
43.a5 Nd3 44.Kg5 Nc5 45.g4 Ne6+ 46.Kh5 Nf4+ 47.Kg5 Ne6+ 48.Kh5 Nf4+ 49.Kh6 Ng6
50.Rc8 Nxe5 51.g5 Kf7 52.Kh5 Bd3 53.Rc3 Kg7 54.Rxd3 Nxd3 55.a6 Nf4+ 56.Kg4 Nd5
57.a7 Nc7 58.Kf5 Kf7 59.g6+ Kg7 60.Ke5 Kxg6 61.Kd6 Nb5+ 62.Kxd7 Nxa7  1/2-1/2

[Event "Riviera IM"]
[Site "Opatija CRO"]
[Date "2003.05.02"]
[Round "1"]
[White "Muslija,I"]
[Black "Makaj,M"]
[Result "1-0"]
[WhiteElo "2237"]
[BlackElo "2153"]

1.e4 c5 2.Nf3 e6 3.Nc3 a6 4.d4 cxd4 5.Nxd4 d6 6.Be2 Nf6 7.O-O Nc6 8.Be3 Qc7
9.Kh1 Be7 10.f4 O-O 11.Qe1 Nxd4 12.Bxd4 e5 13.fxe5 dxe5 14.Qg3 Bd6 15.Be3 Kh8
16.Rxf6 gxf6 17.Nd5 Qxc2 18.Qh4 Rg8 19.Qxf6+ Rg7 20.Bh6 Bf8 21.Bxg7+  1-0

[Event "Riviera IM"]
[Site "Opatija CRO"]
[Date "2003.05.04"]
[Round "5"]
[White "Osolin,B"]
[Black "Jurkovic,H"]
[Result "0-1"]
[WhiteElo "2142"]
[BlackElo "2401"]

1.e4 c5 2.Nf3 e6 3.d4 cxd4 4.Nxd4 a6 5.Nc3 Qc7 6.Be2 Nc6 7.O-O Nf6 8.Kh1 Be7
9.f4 d6 10.Be3 O-O 11.a4 Re8 12.Bg1 Nxd4 13.Qxd4 e5 14.Qd3 exf4 15.Rxf4 Be6
16.Raf1 Nd7 17.Nd5 Bxd5 18.Qxd5 Bf6 19.Bc4 Ne5 20.Bb3 Qc6 21.Bd4 Qxd5 22.Bxd5 Re7
23.c3 Rc8 24.Bxe5 dxe5 25.Rf5 Rcc7 26.g3 Red7 27.c4 a5 28.R1f3 b6 29.Kg2 Kf8
30.g4 Bd8 31.g5 g6 32.Rxe5 Rd6 33.h4 h6 34.Re6 Rxe6 35.Bxe6 hxg5 36.hxg5 Bxg5
37.Bd5 Bd8 38.Rh3 Bf6 39.b3 Be5 40.Kf3 Kg7 41.Kg4 Rd7 42.Rf3 Bf6 43.Kf4 Re7
44.Rh3 Re5 45.Rf3 Rh5 46.Ke3 Rh2 47.e5 Bg5+ 48.Kd3 f5 49.exf6+ Bxf6 50.c5 Rh4
51.Be4 bxc5 52.Re3 g5 53.Rg3 Be7 54.Rg2 Bf6 55.Bf5 Rd4+ 56.Ke3 Rf4 57.Bd7 Bd4+
58.Ke2 Kf6 59.Bc8 Re4+ 60.Kd2 Re3 61.Rf2+ Kg6 62.Bf5+ Kg7 63.Bc2 g4 64.Rf4 g3
65.Be4 Rxb3 66.Rg4+ Kf6 67.Rg6+ Ke5  0-1

[Event "St Petersburg vs. Moscow"]
[Site "St Petersburg RUS"]
[Date "2003.05.05"]
[Round "2"]
[White "Bykhovsky,An RUS"]
[Black "Cherepkov,A"]
[Result "1/2-1/2"]
[WhiteElo "2374"]
[BlackElo "2395"]

1.e4 c5 2.Nf3 e6 3.d4 cxd4 4.Nxd4 a6 5.Nc3 b5 6.Bd3 Bb7 7.O-O Qc7 8.Kh1 Nf6
9.Qe2 Nc6 10.Nxc6 Qxc6 11.Bg5 Be7 12.f3 b4 13.Nb1 h6 14.Bh4 g5 15.Bf2 Nh5
16.Nd2 Nf4 17.Qe3 O-O 18.e5 Nxd3 19.cxd3 Qb5 20.Nc4 Rac8 21.b3 Bd5 22.Rac1 Rc6
23.Qe2 f5 24.Bd4 a5 25.Nb2 Rfc8 26.Qd2 Kf7 27.Rxc6 Rxc6  1/2-1/2

[Event "11th Sigeman & Co"]
[Site "Malmoe SWE"]
[Date "2003.05.06"]
[Round "7"]
[White "Hansen,Cu"]
[Black "Lindberg,Be"]
[Result "1/2-1/2"]
[WhiteElo "2610"]
[BlackElo "2392"]

1.e4 c5 2.Nf3 e6 3.Nc3 a6 4.d4 cxd4 5.Nxd4 Qc7 6.Be2 Nc6 7.O-O Nf6 8.Be3 Bb4
9.Na4 Be7 10.Nxc6 bxc6 11.Nb6 Rb8 12.Nxc8 Qxc8 13.Bd4 O-O 14.e5 Nd5 15.c4 Nf4
16.Bf3 Qc7 17.Re1 Ng6 18.c5 f6 19.exf6 Bxf6 20.Be4 Nf4 21.Bxf6 Rxf6 22.Qc2 g6
23.Rad1 Rbf8 24.a3 a5 25.Rd2 R8f7 26.Qc3 Nd5 27.Qd4 Qb8 28.g3 Qb3 29.Rc1 Rf8
30.Rd3 Qb8 31.Rc2 R6f7 32.h4 Rg7 33.Re2 Nf6 34.Bg2 g5 35.Rf3 Qd8 36.hxg5 Rxg5
37.b4 axb4 38.axb4 Qe7 39.Rf4 Qg7 40.Ra2 Kh8 41.Qa1 Rg4 42.Rxg4 Qxg4 43.Qc3 Qd1+
44.Bf1 Kg8 45.Re2 Qb1 46.Re5 Ne4 47.Qd3 Qxd3 48.Bxd3 Nf6 49.b5 cxb5 50.Bxb5 Kf7
51.Be2 Rc8 52.Bf3 h6 53.Kg2 Ke7 54.Kh3 Rb8 55.Re2 Rb3 56.Kg2 Rc3 57.Re5 Rc2
58.Kg1 Rc1+ 59.Kg2 Rc2 60.Kg1  1/2-1/2

[Event "National I"]
[Site "Clermont-Ferrand FRA"]
[Date "2003.05.09"]
[Round "9"]
[White "Fressinet,L"]
[Black "Santo Roman,M"]
[Result "1-0"]
[WhiteElo "2595"]
[BlackElo "2382"]

1.e4 c5 2.Nf3 e6 3.Nc3 a6 4.d4 cxd4 5.Nxd4 b5 6.Bd3 Qb6 7.Nf3 Qc7 8.O-O Bb7
9.Re1 Nf6 10.Bg5 Nc6 11.Qd2 d6 12.a4 b4 13.Bxf6 gxf6 14.Na2 Qa5 15.c3 bxc3
16.bxc3 Bg7 17.Rab1 Qc7 18.Qe3 Bc8 19.Qb6 Qxb6 20.Rxb6 Kd7 21.Nb4 Nb8 22.a5 Bf8
23.e5 d5 24.exf6 Bc5 25.Ne5+ Kc7 26.Rb1 Rf8 27.Bxh7 Bxb6 28.axb6+ Kd6 29.Nbd3 Bb7
30.c4 dxc4 31.Nxc4+ Kd7 32.Nde5+ Kd8 33.Nd6 Bd5 34.Ndxf7+  1-0

[Event "National I"]
[Site "Clermont-Ferrand FRA"]
[Date "2003.05.09"]
[Round "9"]
[White "Bernard,Ja"]
[Black "Nezar,M"]
[Result "0-1"]
[WhiteElo "2211"]
[BlackElo "2320"]

1.e4 c5 2.Nc3 e6 3.Nf3 a6 4.d4 cxd4 5.Nxd4 b5 6.Bd3 Qb6 7.Nb3 Bb7 8.O-O Qc7
9.f4 Nf6 10.e5 Nd5 11.Nxd5 Bxd5 12.Be3 Nc6 13.a4 b4 14.Qe2 a5 15.Nd4 Nxd4
16.Bxd4 Bc5 17.Qe3 Bxd4 18.Qxd4 Rc8 19.Rf2 Qc5 20.Qxc5 Rxc5 21.Rd2 Ke7 22.Kf2 h6
23.Ke3 Bc6 24.h4 g5 25.h5 Rg8 26.g4 gxf4+ 27.Kxf4 Rd5 28.Rf2 Rg5 29.Raf1 Rdxe5
30.b3 d6 31.Re2 Rxe2 32.Bxe2 Bd7 33.Kg3 e5 34.Kh4 d5 35.Bd1 Be6 36.Re1 d4
37.Bf3 Kd6 38.Be2 e4 39.Bd1 f5 40.gxf5 Bxf5  0-1

[Event "National I"]
[Site "Clermont-Ferrand FRA"]
[Date "2003.05.10"]
[Round "10"]
[White "Nijboer,F"]
[Black "Salaun,Y"]
[Result "1-0"]
[WhiteElo "2562"]
[BlackElo "2386"]

1.e4 c5 2.Nf3 e6 3.Nc3 a6 4.d4 cxd4 5.Nxd4 Nc6 6.Be2 d6 7.O-O Nf6 8.Be3 Be7
9.f4 Qa5 10.Kh1 Bd7 11.a3 O-O 12.Qe1 b5 13.e5 dxe5 14.Nxc6 Bxc6 15.fxe5 Nd7
16.Nd5 Qd8 17.Nxe7+ Qxe7 18.Qg3 Rac8 19.Bd3 f5 20.exf6 Nxf6 21.Bg5 e5 22.Rxf6  1-0

[Event "FSGM May"]
[Site "Budapest HUN"]
[Date "2003.05.13"]
[Round "11"]
[White "Pilgaard,K"]
[Black "Predojevic,B"]
[Result "1/2-1/2"]
[WhiteElo "2440"]
[BlackElo "2430"]

1.e4 c5 2.Nf3 e6 3.d4 cxd4 4.Nxd4 a6 5.Nc3 Qc7 6.Be2 b5 7.O-O Bb7 8.Re1 Nc6
9.Nxc6 dxc6 10.e5 Bb4 11.Bd2 Rd8 12.a4 Bxc3 13.bxc3 Ne7 14.c4 O-O 15.cxb5 cxb5
16.axb5 axb5 17.Bd3 Ng6 18.Qg4 Rd5 19.Qg3 Rc8 20.Rab1 Rxe5 21.Rxe5 Qxe5 22.Qxe5 Nxe5
23.Rxb5 Bd5  1/2-1/2

[Event "12th Chicago Open"]
[Site "Oak Brook USA"]
[Date "2003.05.25"]
[Round "5"]
[White "Anderson,R"]
[Black "Ginsburg,M"]
[Result "0-1"]
[WhiteElo "2254"]
[BlackElo "2376"]

1.e4 c5 2.Nf3 e6 3.Nc3 a6 4.d4 cxd4 5.Nxd4 Qc7 6.Be3 Bb4 7.Qd2 Nf6 8.Bd3 d5
9.exd5 Nxd5 10.Nde2 Nd7 11.Bd4 e5 12.O-O N5f6 13.Nb5 axb5 14.Qxb4 exd4 15.Bxb5 Qa5
16.Qc5 Kd8 17.Qc4 Re8 18.Nxd4 Ne5 19.Qb3 Re7 20.f4 Neg4 21.Rad1 Kc7 22.Rd3 Qb6
23.Qb4 Re4 24.Rc3+ Kb8 25.Rc5 Bd7 26.a4 Rxa4 27.Qxa4 Qxc5 28.c3 Bxb5 29.Qxb5 Qxb5
30.Nxb5 Re2 31.Rd1 Kc8 32.Ra1 Ne3 33.Nd6+ Kb8 34.Nxf7 Rxg2+  0-1

[Event "1/2 Coupe de France"]
[Site "Senat FRA"]
[Date "2003.05.25"]
[Round "1"]
[White "Fressinet,L"]
[Black "Riff,JN"]
[Result "1-0"]
[WhiteElo "2595"]
[BlackElo "2263"]

1.e4 c5 2.Nf3 e6 3.Nc3 a6 4.d4 cxd4 5.Nxd4 Qc7 6.Bd3 Nf6 7.O-O b5 8.Qe2 d6
9.Bd2 Be7 10.a4 b4 11.Na2 e5 12.Nb3 a5 13.Bb5+ Bd7 14.c3 bxc3 15.Nxc3 O-O
16.Nd5 Nxd5 17.exd5 Bd8 18.Bc3 Qb7 19.Qd3 Bb6 20.Kh1 f5 21.Rac1 Ra7 22.Nd2 Na6
23.Bc6 Nc5 24.Qb5 Qb8 25.Nc4 Bxc6 26.dxc6 Bc7 27.Bxe5 Qxb5 28.axb5 dxe5 29.b6 Ra6
30.bxc7 Rxc6 31.Nb6  1-0

[Event "Master Open"]
[Site "Ploiesti ROM"]
[Date "2003.05.31"]
[Round "2"]
[White "Miron,L"]
[Black "Mosnegutu,M"]
[Result "1/2-1/2"]
[WhiteElo "2167"]
[BlackElo "2242"]

1.e4 c5 2.Nf3 e6 3.d4 cxd4 4.Nxd4 a6 5.Nc3 Qc7 6.Be3 Nf6 7.Bd3 b5 8.O-O Bb7
9.f3 Bc5 10.Qd2 d5 11.exd5 Nxd5 12.Nxd5 Bxd5 13.Be4 Bxe4 14.fxe4 O-O 15.c3 Nd7
16.Nf3 Nf6 17.e5 Ng4 18.Bxc5 Qxc5+ 19.Qd4 Qxd4+ 20.cxd4 Ne3 21.Rfc1 Rfd8
22.Rc5 h6 23.Kf2 Nd5 24.a3 g5 25.g3 g4 26.Ng1 Ne7 27.Ne2 Rd7 28.Ke3 Rad8
29.Ke4 Kg7 30.Rd1 Nd5 31.Rdc1 Ne7 32.Rc7 Kg6 33.R1c5 Kg5 34.Rxd7 Rxd7 35.Nf4 h5
36.d5 exd5+ 37.Nxd5 Nxd5 38.Rxd5 Rc7 39.e6+ Kg6 40.exf7 Rxf7 41.Rd6+ Kg5
42.Rd5+  1/2-1/2

[Event "17th Open"]
[Site "Pula CRO"]
[Date "2003.06.02"]
[Round "2"]
[White "Sakelsek,T"]
[Black "Kveinys,A"]
[Result "1/2-1/2"]
[WhiteElo "2347"]
[BlackElo "2539"]

1.e4 c5 2.Nf3 e6 3.d4 cxd4 4.Nxd4 a6 5.Nc3 Qc7 6.Bd3 Nc6 7.Be3 Nf6 8.O-O b5
9.Nb3 Ne5 10.f4 Nc4 11.Bxc4 bxc4 12.Nd2 Bb7 13.Qe2 Rc8 14.Bd4 Bb4 15.a3 Ba5
16.e5  1/2-1/2

[Event "Golden Cleopatra"]
[Site "Cairo EGY"]
[Date "2003.06.03"]
[Round "3"]
[White "Issa,R"]
[Black "Hassan,T"]
[Result "1/2-1/2"]
[WhiteElo "2360"]
[BlackElo "2260"]

1.e4 c5 2.Nf3 e6 3.Nc3 a6 4.d4 cxd4 5.Nxd4 d6 6.Be2 Nf6 7.a4 Be7 8.O-O Qc7
9.Be3 Nc6 10.Nb3 O-O 11.f4 Na5 12.Nxa5 Qxa5 13.Bd3 Bd7 14.Qd2 Bd8 15.Kh1 Bc6
16.Rae1 d5 17.e5 Ne4 18.Bxe4 dxe4 19.Qf2 Rc8 20.Bd4 Be7 21.Qe3 Qb4 22.Nxe4 Bxe4
23.Qxe4 Qxa4 24.c3 Qc6 25.Qe3 g6 26.Rf3 Rfe8 27.Kg1 Bf8 28.g4 Bg7 29.f5 exf5
30.gxf5 Bxe5 31.Bxe5 Rxe5 32.Qxe5 Qxf3 33.f6 h6 34.Re3 Qd1+ 35.Re1 Qg4+ 36.Kf2 Rd8
37.Re2 Qh4+ 38.Kg2 Qg5+ 39.Qxg5 hxg5 40.Kg3 Rd6 41.Rf2 Rd5 42.Kg4 b5 43.b4 Re5
44.Ra2 Re3 45.Ra3 Kh7 46.Kxg5 Re5+ 47.Kg4 Re6 48.Kg5 Re5+ 49.Kg4 Re6 50.Kg5 Rd6
51.Ra2 Rc6 52.Re2 Rxc3 53.Re7 Rc4 54.Rxf7+ Kg8 55.Ra7 Rxb4 56.Rxa6 Rb2 57.Ra8+ Kf7
58.Ra7+ Kg8 59.h4 Rg2+ 60.Kf4 Rf2+  1/2-1/2

[Event "17th Open"]
[Site "Pula CRO"]
[Date "2003.06.03"]
[Round "4"]
[White "Brkic,A"]
[Black "Horvath,Cs"]
[Result "0-1"]
[WhiteElo "2403"]
[BlackElo "2510"]

1.e4 c5 2.Nf3 e6 3.d4 cxd4 4.Nxd4 a6 5.Nc3 Qc7 6.Be2 b5 7.O-O Bb7 8.Re1 Nc6
9.Nxc6 dxc6 10.e5 Rd8 11.Bd3 c5 12.Bg5 Be7 13.Bxe7 Nxe7 14.Qh5 c4 15.Be4 b4
16.Nd1 Rd4 17.Bxb7 Qxb7 18.Ne3 O-O 19.c3 bxc3 20.bxc3 Re4 21.Qf3 Qc6 22.Rab1 Ng6
23.Rb6 Qa8 24.Reb1 Nf4 25.Qd1 Nd3 26.Qa4 Rxe3 27.fxe3 Qe4 28.h3 Qxe3+ 29.Kh2 Qxe5+
30.Kg1 Qxc3 31.Qd7 Qe5 32.Rd6 Qe3+ 33.Kh2 Qf4+ 34.Kg1 Qf2+ 35.Kh1 Qe3 36.Rc6 Nf2+
37.Kg1 Nxh3+ 38.Kh1 Nf4 39.Rb2 Qe1+ 40.Kh2 Qh4+ 41.Kg1 Qe1+ 42.Kh2 Ne2  0-1

[Event "Golden Cleopatra"]
[Site "Cairo EGY"]
[Date "2003.06.04"]
[Round "4"]
[White "Frhat,A"]
[Black "Kamel,Mag"]
[Result "1-0"]
[WhiteElo "2350"]
[BlackElo "2162"]

1.e4 c5 2.Nf3 e6 3.d4 cxd4 4.Nxd4 a6 5.Nc3 Qc7 6.Bd3 Nf6 7.O-O b5 8.a3 Bb7
9.Kh1 d5 10.Qe2 Nbd7 11.exd5 Nxd5 12.Nxd5 Bxd5 13.f4 Be7 14.b4 O-O 15.Bb2 Bf6
16.Rad1 Rfe8 17.Ba1 e5 18.Nf5 exf4 19.Qg4 Ne5 20.Qxf4 Qc6 21.Qg3 Nxd3 22.cxd3 Bxa1
23.Rxa1 Qg6 24.Qf2 Re5 25.Ng3 Qxd3 26.Rad1 Qg6 27.Rd4 Rae8 28.h3 h5 29.Kh2 Kh7
30.Rfd1 Bc4 31.R1d2 R8e6 32.Rf4 f6 33.Rd7 Rg5 34.Qf3 Qe8 35.Qb7 Re3 36.Nf5 Qg8
37.Nxe3 Be6 38.Re7 Bc8 39.Qe4+ f5 40.Nxf5 Bxf5 41.Rxf5 Qb8+ 42.Rfe5+ Kh6
43.Qf4  1-0

[Event "17th Open"]
[Site "Pula CRO"]
[Date "2003.06.04"]
[Round "6"]
[White "Jovanovic,Zo2"]
[Black "Horvath,Cs"]
[Result "1/2-1/2"]
[WhiteElo "2407"]
[BlackElo "2510"]

1.e4 c5 2.Nc3 a6 3.Nf3 e6 4.d4 cxd4 5.Nxd4 Qc7 6.Bd3 Nf6 7.O-O Bc5 8.Nb3 Be7
9.f4 d6 10.Qe2 Nbd7  1/2-1/2

[Event "17th Open"]
[Site "Pula CRO"]
[Date "2003.06.04"]
[Round "6"]
[White "Fercec,N"]
[Black "Ljubicic,F"]
[Result "1/2-1/2"]
[WhiteElo "2442"]
[BlackElo "2406"]

1.e4 c5 2.Nf3 a6 3.Nc3 e6 4.d4 cxd4 5.Nxd4 Qc7 6.Bd3 Nc6 7.Be3 Nf6 8.O-O Ne5
9.h3 Bc5 10.f4 d6 11.Kh1 Ng6 12.Qe1 O-O 13.f5 Ne5 14.Qh4 Bd7 15.Rf3 exf5  1/2-1/2